Всем учреждениям, заведениям, предприятиям и организациям гор. Свияжска и его кантона. Циркулярно: г. Свияжск, 5 марта 1921 г. № 877: [О правах и обязанностях организаций, выдающих документы на освобождение от призыва и откомандирование из рядов Красной армии (Запись № 11572691)

Подробности
000 -МАРКЕР
контрольное поле 03382nam0a2200457 4500
001 - ИДЕНТИФИКАТОР ЗАПИСИ
контрольное поле RU\NLR\BIBL_A\011739861
005 - ИДЕНТИФИКАТОР ВЕРСИИ
контрольное поле 20250630160323.0
020 ## - НОМЕР ДОКУМЕНТА В НАЦИОНАЛЬНОЙ БИБЛИОГРАФИИ
Код страны Российская Федерация
Номер 16458
Основное заглавие издания Российской книжной палаты Сводный каталог листовок первых лет Советской власти (25 октября (7 ноября) 1917 - 1925) Т.5. Листовки советских, партийных, профсоюзных, комсомольских и других организаций Уральской области, автономных областей и республик РСФСР. Ч.2
035 ## - ДРУГИЕ СИСТЕМНЫЕ НОМЕРА
Идентификатор записи (NLR Aleph) 011739861
100 ## - ДАННЫЕ ОБЩЕЙ ОБРАБОТКИ
Данные общей обработки 20180629d1921 |||y0rusy50 ca
101 0# - ЯЗЫК РЕСУРСА
Язык текста, звукозаписи и т.д. русский
102 ## - СТРАНА ПУБЛИКАЦИИ ИЛИ ПРОИЗВОДСТВА
Страна публикации Российская Федерация
105 ## - ПОЛЕ КОДИРОВАННЫХ ДАННЫХ: ТЕКСТОВЫЕ МАТЕРИАЛЫ, МОНОГРАФИЧЕСКИЕ
Кодированные данные о монографическом текстовом документе y z 000zy
135 ## - ПОЛЕ КОДИРОВАННЫХ ДАННЫХ: ЭЛЕКТРОННЫЕ РЕСУРСЫ
Кодированные данные для электронного ресурса crcn 024apada
200 1# - ЗАГЛАВИЕ И СВЕДЕНИЯ ОБ ОТВЕТСТВЕННОСТИ
Основное заглавие Всем учреждениям, заведениям, предприятиям и организациям гор. Свияжска и его кантона. Циркулярно: г. Свияжск, 5 марта 1921 г. № 877: [О правах и обязанностях организаций, выдающих документы на освобождение от призыва и откомандирование из рядов Красной армии
Сведения, относящиеся к заглавию листовка]
210 ## - ПУБЛИКАЦИЯ, РАСПРОСТРАНЕНИЕ И ДР.
Место издания, распространения и т.д. Свияжск
Имя издателя, распространителя и т. д. Гос. тип.
Дата издания, распространения и т.д. [1921, март]
215 ## - ФИЗИЧЕСКАЯ ХАРАКТЕРИСТИКА
Специфическое обозначение материала и объем 1 с.
Размеры 40х20
300 ## - ОБЩИЕ ПРИМЕЧАНИЯ
Текст примечания В надзаг.: Свияжск. кантон. ком-т по воен. делам
300 ## - ОБЩИЕ ПРИМЕЧАНИЯ
Текст примечания Подписи: военный комиссар Новиков; пом. военного комиссара (по военной части) Григорьев; врид. нач. Мобил. отдела Беспалов
325 1# - ПРИМЕЧАНИЕ О КОПИИ
Текст примечания Копия доступна в Электронной библиотеке РНБ
517 1# - ДРУГИЕ ВАРИАНТЫ ЗАГЛАВИЯ
Вариант заглавия О правах и обязанностях организаций, выдающих документы на освобождение от призыва и откомандирование из рядов Красной армии
607 ## - ГЕОГРАФИЧЕСКОЕ НАИМЕНОВАНИЕ КАК ПРЕДМЕТ
Географическое наименование РСФСР
Формальный подзаголовок Листовки
Тематический подзаголовок Политика и управление
Географический подзаголовок 1917 - 1925
Системный номер авторитетной/нормативной записи 2312782
Идентификатор авторитетной/нормативной записи RU\NLR\auth\6601609564
686 0# - ИНДЕКСЫ ДРУГИХ КЛАССИФИКАЦИЙ
Индекс Т3(2)71-313,011
702 #1 - ИМЯ ЛИЦА - ВТОРИЧНАЯ ОТВЕТСТВЕННОСТЬ
Код отношения Подписавшее лицо
Графика поля Кириллица
Материалы, к которым относится поле rus
Начальный элемент ввода Новиков
Дополнения к именам, кроме дат воен. комиссар, г. Свияжск
Системный номер авторитетной/нормативной записи 200309
Идентификатор авторитетной/нормативной записи RU\NLR\AUTH\770200360
702 #1 - ИМЯ ЛИЦА - ВТОРИЧНАЯ ОТВЕТСТВЕННОСТЬ
Код отношения Подписавшее лицо
Графика поля Кириллица
Материалы, к которым относится поле rus
Начальный элемент ввода Григорьев
Дополнения к именам, кроме дат воен. руководитель, г. Свияжск
Системный номер авторитетной/нормативной записи 200322
Идентификатор авторитетной/нормативной записи RU\NLR\AUTH\770200373
702 #1 - ИМЯ ЛИЦА - ВТОРИЧНАЯ ОТВЕТСТВЕННОСТЬ
Начальный элемент ввода Беспалов
Дополнения к именам, кроме дат участник воен. управления, г. Свияжск
Код отношения Подписавшее лицо
711 02 - НАИМЕНОВАНИЕ ОРГАНИЗАЦИИ - АЛЬТЕРНАТИВНАЯ ОТВЕТСТВЕННОСТЬ
Начальный элемент ввода Свияжский кантонный комиссариат по военным делам
Системный номер авторитетной/нормативной записи 638492
Идентификатор авторитетной/нормативной записи RU\NLR\AUTH\880489052
852 00 - МЕСТОНАХОЖДЕНИЕ И ШИФР ХРАНЕНИЯ
Идентификатор организации NLR
Наименование фонда или коллекции (Sub-Location Identifier) ФЛ
Шифр хранения (Call Number) 34/73
856 #0 - МЕСТОНАХОЖДЕНИЕ ЭЛЕКТРОННЫХ РЕСУРОВ И ДОСТУП К НИМ
Универсальный идентификатор ресурса (Uniform Resource Identifier) https://vivaldi.nlr.ru/ll000011439/view
856 #1 - МЕСТОНАХОЖДЕНИЕ ЭЛЕКТРОННЫХ РЕСУРОВ И ДОСТУП К НИМ
Универсальный идентификатор ресурса (Uniform Resource Identifier) https://vivaldi.nlr.ru/ll000011439/cover
856 #2 - МЕСТОНАХОЖДЕНИЕ ЭЛЕКТРОННЫХ РЕСУРОВ И ДОСТУП К НИМ
Универсальный идентификатор ресурса (Uniform Resource Identifier) https://vivaldi.nlr.ru/ll000011439/text
942 ## - ДОПОЛНИТЕЛЬНЫЕ ЭЛЕМЕНТЫ ЗАПИСИ (АБИС)
Тип экземпляра АБИС Книга
980 ## - КОЛЛЕКЦИЯ
Название коллекции Национальная библиография
981 22 - КОЛЛЕКЦИЯ ЭЛЕКТРОННОЙ БИБЛИОТЕКИ
Название коллекции Материалы по истории России
Название подколлекции 3. История России с 25 октября (7 ноября) 1917 года
981 21 - КОЛЛЕКЦИЯ ЭЛЕКТРОННОЙ БИБЛИОТЕКИ
Название коллекции Листовки
Название подколлекции

Нет доступных экземпляров.